I Am Canadian Quiz Stats

 Plays Quiz not verified by Sporcle

Score 0/10 Timer 03:00
0 Plays Today
Hint What is Canadian? % Correct
A sweet breakfast add-on made from tree sapmaple syrup
85.7%
The language commonly spoken in QuebecFrench
85.7%
A food made from french fries, gravy and cheese curdspoutine
80%
The coffee and sandwich shop started by a hockey playerTim Hortons
77.1%
A large coin made from two different metalsToonie
68.6%
The common phrase for two dozen beers2 - 4
51.4%
The common name for a small paper used to wipe your handsserviette
40%
The former Canadian TV drama starring Bruno GerussiThe Beachcombers
31.4%
A screwdriver with a squared-headRobertson
22.9%
A candy bar consisting of chocolate coated peanut butter wafersCrispy Crunch
20%

You're not logged in!

Compare scores with friends on all Sporcle quizzes.
OR
Log In

Show Comments

Extras

Created Sep 3, 2015ReportNominate
Tags:Canada Quiz

Top Quizzes Today


Score Distribution

Your Account Isn't Verified!

In order to create a playlist on Sporcle, you need to verify the email address you used during registration. Go to your Sporcle Settings to finish the process.

Report this User

Report this user for behavior that violates our Community Guidelines.

Details: